Thực trạng và một số giải pháp nâng cao hiệu quả đấu tranh chống vi phạm trong đền bù, giải phóng mặt bằng /
Bewaard in:
| Hoofdauteur: | |
|---|---|
| Formaat: | Artikel |
| Taal: | Vietnamese |
| Onderwerpen: | |
| Tags: |
Voeg label toe
Geen labels, Wees de eerste die dit record labelt!
|
| Thư viện lưu trữ: | Thư viện Trường Đại học Đà Lạt |
|---|
| LEADER | 00848nam a2200265 4500 | ||
|---|---|---|---|
| 001 | DLU160177441 | ||
| 005 | ##20161104 | ||
| 040 | # | # | |a DLU |b vie |
| 041 | # | # | |a vie |
| 044 | # | # | |a vn |
| 100 | # | # | |a Hứa Doãn Hợi. |
| 245 | # | # | |a Thực trạng và một số giải pháp nâng cao hiệu quả đấu tranh chống vi phạm trong đền bù, giải phóng mặt bằng / |c Hứa Doãn Hợi. |
| 653 | # | # | |a Đền bù |
| 653 | # | # | |a Chống vi phạm |
| 653 | # | # | |a Giải phóng mặt bằng |
| 773 | # | # | |t Tạp chí Tòa án nhân dân |g Số11, 2010, tr. 30-33 |
| 920 | # | # | |a Phòng Tạp chí -- Trung tâm Thông tin - Thư viện Trường Đại học Đà Lạt |
| 994 | # | # | |a DLU |
| 900 | # | # | |a True |
| 911 | # | # | |a Nguyễn Thị Mai Anh |
| 925 | # | # | |a G |
| 926 | # | # | |a A |
| 927 | # | # | |a BB |
| 980 | # | # | |a Thư viện Trường Đại học Đà Lạt |